Central Library, Doon University
WEBOPAC (ONLINE PUBLIC ACCESS CATALOGUE)

Industrial Microbiology (Record no. 60535)

MARC details
000 -LEADER
fixed length control field 00595nam a22002177a 4500
005 - DATE & TIME
control field 20260317132420.0
008 - FIXED-LENGTH DATA ELEMENTS--GENERAL INFORMATION
fixed length control field 260317b |||||||| |||| 00| 0 eng d
020 ## - ISBN
International Standard Book Number 9781405163644
Price 1995.00
040 ## - CATALOGING SOURCE
Original cataloging agency Doon University
041 ## - Language
Language English
082 ## - DDC NUMBER
Classification number 660.6
Book Number WAI
100 ## - MAIN ENTRY--PERSONAL NAME
Personal name Waites, Michael J.
245 ## - TITLE STATEMENT
Title Industrial Microbiology
260 ## - PUBLICATION, DISTRIBUTION, ETC. (IMPRINT)
Place of publication, distribution, etc United State of America
Name of publisher, distributor, etc Blackwell Science
Date of publication, distribution, etc 2001
300 ## - PHYSICAL DESCRIPTION
Pages 288
650 ## - Subject
Subject Biological Science
700 ## - Added Entry Personal Name
Added Entry Personal Name Morgan, Neil L.
700 ## - Added Entry Personal Name
Added Entry Personal Name Rockey, John S.
700 ## - Added Entry Personal Name
Added Entry Personal Name Higton, Gary
942 ## - ADDED ENTRY ELEMENTS (KOHA)
Koha item type Books
100 ## - MAIN ENTRY--PERSONAL NAME
-- 26505
650 ## - Subject
-- 14046
700 ## - Added Entry Personal Name
-- 26506
700 ## - Added Entry Personal Name
-- 26507
700 ## - Added Entry Personal Name
-- 26508
952 ## - LOCATION AND ITEM INFORMATION (KOHA)
-- 2026-03-17
952 ## - LOCATION AND ITEM INFORMATION (KOHA)
-- 2026-03-17
952 ## - LOCATION AND ITEM INFORMATION (KOHA)
-- 2026-03-17
952 ## - LOCATION AND ITEM INFORMATION (KOHA)
-- 2026-03-17
952 ## - LOCATION AND ITEM INFORMATION (KOHA)
-- 2026-03-17
Holdings
Withdrawn status Lost status Source of classification or shelving scheme Damaged status Not for loan Location (home branch) Sublocation or collection (holding branch) Date acquired Koha full call number Accession No. Koha date last seen Koha item type Koha issues (times borrowed)
        Not For Loan Doon University Doon University 17.03.2026 660.6 WAI 53477 17.03.2026 Reference  
          Doon University Doon University 17.03.2026 660.6 WAI 53478 17.03.2026 Books  
          Doon University Doon University 17.03.2026 660.6 WAI 53479 17.03.2026 Books  
          Doon University Doon University 17.03.2026 660.6 WAI 53480 17.03.2026 Books  
          Doon University Doon University 17.03.2026 660.6 WAI 53481 17.03.2026 Books  
Contact : +91-135-2533126 (Library),+91-135-2533105 (Admin Office) , Email : doonlibrary@gmail.com

Powered by Koha